[Event "FRA-chT U20 0203"]
[Site "Clichy"]
[Date "2003.05.03"]
[Round "10.9"]
[White "Des Bouillons, Louis"]
[Black "Lemeille, Francois"]
[Result "0-1"]
[WhiteElo "1410"]
[BlackElo "1230"]
[PlyCount "124"]
[EventDate "2002.12.??"]
[EventType "team"]
[EventRounds "11"]
[EventCountry "FRA"]
[SourceTitle "EXT 2004"]
[Source "ChessBase"]
[SourceDate "2003.11.25"]
[SourceVersion "1"]
[SourceVersionDate "2003.11.25"]
[SourceQuality "1"]
[WhiteTeam "Agneaux Saint Lo"]
[BlackTeam "Bois Colombes"]
[WhiteTeamCountry "FRA"]
[BlackTeamCountry "FRA"]

1. d4 Nf6 2. c4 e5 3. dxe5 Ng4 4. Nf3 Bc5 5. e3 Nc6 6. Bd2 Ngxe5 7. Nxe5 Nxe5 8. Bc3 d6 9. Bxe5 dxe5 10. Qxd8+ Kxd8 11. Nc3 c6 12. 0-0-0+ Kc7 13. Be2 Be6 14. Ne4 Bb4 15. Ng5 a5 16. Nxe6+ fxe6 17. Rd3 a4 18. Rhd1 Rhf8 19. f3 a3 20. b3 g6 21. Rd7+ Kb6 22. Rxh7 Rh8 23. Rxh8 Rxh8 24. h3 Bc3 25. Rd6 Bb2+ 26. Kc2 Kc5 27. Rxe6 Rg8 28. Bd3 g5 29. Re7 b5 30. Re6 b4 31. Rg6 Rf8 32. Rxg5 Rh8 33. f4 Re8 34. fxe5 Bxe5 35. Kd2 Kd6 36. Rg6+ Kc7 37. g4 Bc3+ 38. Kc2 Rxe3 39. h4 Rh3 40. h5 Rh2+ 41. Kb1 Rh1+ 42. Kc2 Rh2+ 43. Kc1 Rxa2 44. Bb1 Rh2 45. h6 a2 46. Bxa2 Rxa2 47. h7 Rh2 48. Rg7+ Bxg7 49. Kd1 Kd6 50. Ke1 Ke5 51. Kf1 Ke4 52. Kg1 Rb2 53. Kf1 Kf3 54. Ke1 Kxg4 55. Kf1 Kg3 56. Ke1 Kf3 57. Kd1 Ke3 58. Kc1 Rh2 59. Kd1 Rg2 60. Kc1 Rh2 61. Kd1 Bb2 62. Ke1 Rh1# 0-1